Influencia del agregado grueso de cuatro fuentes nacionales en mezclas de concreto
Furkejuvvon:
| Váldodahkki: | |
|---|---|
| Materiálatiipa: | Girji |
| Almmustuhtton: |
San José, C.R
2000
|
| Fáttát: | |
| Fáddágilkorat: |
Lasit fáddágilkoriid
Eai fáddágilkorat, Lasit vuosttaš fáddágilkora!
|
MARC
| LEADER | 00000nam a2200000Ia 4500 | ||
|---|---|---|---|
| 003 | 008686 | ||
| 005 | 20221231144203.0 | ||
| 008 | 140114s2000 cr a m 000 ||s d | ||
| 040 | |c cru CEDI | ||
| 090 | |a TFG 4279 | ||
| 100 | |a De Mézerville Masís, José Pablo |9 7880 | ||
| 245 | |a Influencia del agregado grueso de cuatro fuentes nacionales en mezclas de concreto | ||
| 260 | |c 2000 |a San José, C.R | ||
| 300 | |a iii, 109 hojas : ilustraciones, 8 fotografías color, mapas | ||
| 500 | |a Proyecto de graduación (licenciatura en ingeniería civil)--Universidad de Costa Rica. Facultad de Ingeniería. Escuela de Ingenieríca Civil | ||
| 650 | |x HORMIGON |x AGREGADOS (MATERIALES DE CONSTRUCCION) |x MEZCLAS |x CEMENTO PORTLAND |x INDUSTRIA DE LA CONSTRUCCION |9 7881 | ||
| 942 | |c TFG | ||
| 999 | |c 18157 |d 18157 | ||
